Biblioteca

Exégesis bíblica y teologia (Registro nro. 64646)

Detalles MARC
000 -LÍDER
Campo fijo de descripción fija 01902nam a22004094i 4500
001 - NÚMERO DE CONTROL
Campo de control bimo0001108756
003 - IDENTIFICADOR DEL NÚMERO DE CONTROL
Campo de control SpMaBN
005 - FECHA Y HORA DE LA ULTIMA TRANSACCIÓN
control field 20190202100336.0
008 - ELEMENTOS DE LONGITUD FIJA -- INFORMACIÓN GENERAL
Campo fijo de descripción fija -- Información general 920725s1969 sp spa
017 ## - COPYRIGHT OR LEGAL DEPOSIT NUMBER
Copyright or legal deposit number B 25987-1969
Assigning agency Oficina Depósito Legal Barcelona
040 ## - FUENTE DE CATALOGACIÓN
Agencia de catalogación original SpMaBN
Idioma de catalogación spa
Agencia que realiza la transcripción CO-MdFUSB
Agencia que realiza la modificación CO-MdFUSBC
Convenciones de la descripción rda
041 ## - CÓDIGO DE IDIOMA
Código de idioma para texto/pista de sonido o título separado spa
080 #0 - UNIVERSAL DECIMAL CLASSIFICATION NUMBER
Universal Decimal Classification number 22.017
082 ## - NÚMERO DE CLASIFICACIÓN DECIMAL DEWEY
Número de la edición del Dewey 23
Número de clasificación 220.609
Clave de autor-Numero de item L833
100 1# - ASIENTO PRINCIPAL--NOMBRE PERSONAL
Nombre personal Lohfink, Norbert
Término relacionador autor
240 ## - TITULO UNIFORME
Título uniforme <a href="Bibelauslegung im Wandel">Bibelauslegung im Wandel</a>
245 10 - TÍTULO
Título del Material Exégesis bíblica y teologia
Parte restante del título - Subtitulo : la exégesis bíblica en evolución
Mención de responsabilidad, etc. / Norbert Lohfink ; traductor José L. Sicre S.J.
264 #1 - PRODUCCIÓN, PUBLICACIÓN, DISTRIBUCIÓN, MANUFACTURA, Y COPYRIGHT
Lugar de producción, publicación, distribución, manufactura Salamanca, España :
Nombre del productor, publicador, distribuidor Sigueme,
Fecha de producción, publicación, distribución, manufactura, o copyright ℗[1969]
264 #4 - PRODUCCIÓN, PUBLICACIÓN, DISTRIBUCIÓN, MANUFACTURA, Y COPYRIGHT
Fecha de producción, publicación, distribución, manufactura, o copyright ©1967
300 ## - DESCRIPCIÓN FÍSICA
Extensión 239 páginas ;
Dimensiones 19 cm
336 ## - TIPO DE CONTENIDO
Fuente rdacontent
Término de tipo de contenido texto
Código de tipo de contenido txt
337 ## - TIPO DE MEDIO
Fuente rdamedia
Nombre del tipo de medio sin mediación
Código del tipo de medio n
338 ## - TIPO DE SOPORTE
Fuente rdacarrier
Nombre del tipo de soporte volumen
Código Tipo de soporte nc
490 1# - MENCIÓN DE SERIE
Mención de serie Verdad e Imagen
505 ## - NOTA DE CONTENIDO
Nota de contenido con formato preestablecido Biblia y ciencia bíblica después del concilio -- Comienzo y progreso del conocimiento en la teología -- Sobre el método histórico-crítico -- Los primeros capítulos de la Biblia desde la intervención de las ciencias naturales -- La religión de los patriarcas y las consecuencias para una teología de las religiones no cristiana -- Los diez mandamientos sin el monte Sinaí -- Escatología en el Antiguo Testamento -- Interpretación Histórica e interpretación cristiana del Antiguo Testamento -- Problemas metodológicos para un tratado cristiano sobre los judíos.
563 ## - NOTA DE ENCUADERNACIÓN
Nota de encuadernación Tapa rústica
650 #7 - ASIENTO SECUNDARIO DE MATERIA - TERMINO TEMÁTICO
Término temático o nombre geográfico como elemento de entrada Hermenéutica bíblica
650 #0 - ASIENTO SECUNDARIO DE MATERIA - TERMINO TEMÁTICO
Término temático o nombre geográfico como elemento de entrada Biblia
9 (RLIN) 16
700 1# - ASIENTO SECUNDARIO - NOMBRE PERSONAL
Nombre personal Sicre Díaz, José Luis
Fechas asociadas con el nombre 1940-
Responsabilidad traductor.
830 ## - PUNTO DE ACCESO ADICIONAL DE SERIE - TÍTULO UNIFORME
Título uniforme Verdad e Imagen
Designación de volumen o secuencia No. 15
942 ## - TIPO DE MATERIAL (KOHA)
Tipo de Item KOHA Libros General
956 ## - LOCAL ELECTRONIC LOCATION AND ACCESS (OCLC)
Host name 1
980 ## - EQUIVALENCE OR CROSS-REFERENCE-SERIES STATEMENT--PERSONAL NAME/TITLE [LOCAL, CANADA]
Personal name M-BN
Numeration BNMADRID
Attribution qualifier 4/82856
Titles and other words associated with a name SG_RECOLET
980 ## - EQUIVALENCE OR CROSS-REFERENCE-SERIES STATEMENT--PERSONAL NAME/TITLE [LOCAL, CANADA]
Personal name M-BN
Numeration BNMADRID
Attribution qualifier 4/82857
Titles and other words associated with a name SG_RECOLET
Existencias
Estado de Material Estado de Perdido Forma de Clasificación Estado de Dañado No para Préstamo Colección Biblioteca de Origen Biblioteca Permanente Fecha de Adquisición Total de Préstamos Signatura Topográfica Código de Barras Última vez visto Última vez Préstado Ejemplar/Existencia Fecha de Remplazo Tipo de Material
    Dewey Decimal Classification     Colección General Biblioteca FUSBC Biblioteca FUSBC 22/10/2018 1 G 220.609 L833e 9189 12/12/2019 04/03/2019 Ej. 1 22/10/2018 Libros General

Biblioteca FUSBC | Teléfono: (57+4) 349 88 10 Ext. 141| WhatsApp (+57) 3005338115 
E-mail: biblioteca@unisbc.edu.co | Calle 76 87-14 Robledo Palenque, Medellín, Colombia

Con tecnología Koha